|
|
|
|
| LEADER |
00000nam a2200000 a 4500 |
| 001 |
vtls008626930 |
| 003 |
SK-MaSNL |
| 005 |
20260301053411.0 |
| 007 |
co cgu |
| 008 |
240314s2005 xo fsp 000 0 slo |
| 015 |
|
|
|a SNBS2006
|
| 020 |
|
|
|a 8080820260
|q (CD-ROM)
|
| 040 |
|
|
|a SNK
|b slo
|c SNK
|e AACR2
|
| 041 |
0 |
|
|a slo
|
| 044 |
|
|
|a xo
|c SK
|
| 072 |
|
7 |
|a 331
|x Práca
|2 konspekt
|
| 080 |
|
|
|a 331.1
|2 2001
|
| 080 |
|
|
|a 613
|2 2001
|
| 080 |
|
|
|a (075.8)
|2 2001
|
| 080 |
|
|
|a (0.034.44)
|2 2001
|
| 100 |
1 |
|
|a Paveleková, Ivona,
|d 1955-
|4 aut
|9 125373
|
| 245 |
1 |
0 |
|a Bezpečnosť a hygiena práce
|h elektronický zdroj
|c Ivona Paveleková, Kristína Žoldošová
|
| 256 |
|
|
|a Elektronické dokumenty
|
| 260 |
|
|
|a Trnava
|b Trnavská univerzita
|c 2005
|
| 300 |
|
|
|a 1 elektronický optický disk (CD-ROM)
|c 12 cm
|
| 650 |
0 |
7 |
|a bezpečnosť práce
|2 SNKPH
|9 1296
|
| 650 |
0 |
7 |
|a hygiena práce
|2 SNKPH
|9 1298
|
| 655 |
|
7 |
|a učebnice vysokých škôl
|2 SNKPH
|9 70191
|
| 655 |
|
7 |
|a CD-ROM
|2 SNKPH
|9 70236
|
| 700 |
1 |
|
|a Žoldošová, Kristína,
|d 1975-
|4 aut
|9 231265
|
| 919 |
|
|
|a 80-8082-026-0
|
| 999 |
|
|
|c 608278
|d 610208
|
| 952 |
|
|
|a SNK
|b SNK
|y PREZ
|7 0
|p 17A0499404
|o snkSCDM 835
|i snk2006/4376
|8 0
|0 0
|1 0
|4 0
|d 2006-03-01
|l 0
|r 2026-02-23 16:15:02
|w 2026-02-23
|